| 000 | 00344nam a22001457a 4500 | ||
|---|---|---|---|
| 003 | SGT | ||
| 020 | _a81-8061-387-9 | ||
| 082 |
_a612.015 _bR05V |
||
| 100 | _aVASUDEVAN,D.M | ||
| 245 | _aREVISION EXCERCISES BASED ON TEXTBOOK OF BIOCHEMISTRY | ||
| 260 |
_aNEW DELHI _bJAYPEE PUB _c2005 |
||
| 300 | _a215 | ||
| 650 | _aAYURVEDA | ||
| 942 |
_2ddc _cBK |
||
| 999 |
_c16848 _d16848 |
||